000 00697nam a22002057a 4500
005 20250822113542.0
010 _aENG-146510
020 _a9789364442862
_c750.00
035 _aEN-130042
037 _bDBAD
082 _a005.133
100 _aGhosh, Vinit
_984235
245 _aHR ANALYTICS
_c Vinit Ghosh, Shruthi J Mayur, Satwik Upadhyay
_bBridging Theory and pra
260 _aChennai
_bMcGraw Hill Education (India) Private Limited
_c2026
270 _aAnjana Complex no: 5/90 A, Butt Road, St.Thomas Mount
_bChennai
_e600016
300 _a331p
_c24cm(pbk)
700 _aShruthi J Mayur
_984236
700 _a Satwik Upadhyay
_984237
942 _2ddc
_cEN
_h005.133
_mGHO
999 _c213095
_d213095